00396nam a2200157Ia 450000500170000000800410001704000190005804100120007708200170008910000160010624500360012226000410015830000100019965000190020985000100022820230320111100.0131103s9999 xx 000 0 und d aLoreto College aEnglish a891.441bDEY aDey, Bishnu aEesabasya DibantshacBinshu,Dey aKollkatabBiswabani Prakashanic1974 a118p  aBengali poetry aLCLIB